My journey with Jaramogi Oginga Odinga : (Record no. 776)

MARC details
000 -LEADER
fixed length control field 00989cam a2200313 a 4500
001 - CONTROL NUMBER
control field 16243173
003 - CONTROL NUMBER IDENTIFIER
control field OSt
005 - DATE AND TIME OF LATEST TRANSACTION
control field 20230607090844.0
008 - FIXED-LENGTH DATA ELEMENTS--GENERAL INFORMATION
fixed length control field 100520s2010 ke a b 000 0 eng
010 ## - LIBRARY OF CONGRESS CONTROL NUMBER
LC control number 2010305356
020 ## - INTERNATIONAL STANDARD BOOK NUMBER
International Standard Book Number 9966706283
040 ## - CATALOGING SOURCE
Original cataloging agency DLC
Transcribing agency DLC
042 ## - AUTHENTICATION CODE
Authentication code pcc
-- lcode
082 ## - DEWEY DECIMAL CLASSIFICATION NUMBER
Classification number 923.26762
Item number ODE
100 1# - MAIN ENTRY--PERSONAL NAME
Personal name Odera, Odinge.
245 10 - TITLE STATEMENT
Title My journey with Jaramogi Oginga Odinga :
Remainder of title memoirs of a close friend /
Statement of responsibility, etc. Odinge Odera.
250 ## - EDITION STATEMENT
Edition statement 1st ed.
260 ## - PUBLICATION, DISTRIBUTION, ETC. (IMPRINT)
Place of publication, distribution, etc. Nairobi, Kenya :
Name of publisher, distributor, etc. African Research & Resource Forum,
Date of publication, distribution, etc. 2010.
300 ## - PHYSICAL DESCRIPTION
Extent iv, 202 p. :
Other physical details ill. ;
Dimensions 21 cm.
504 ## - BIBLIOGRAPHY, ETC. NOTE
Bibliography, etc Includes bibliographical references.
600 10 - SUBJECT ADDED ENTRY--PERSONAL NAME
Personal name Odinga, Ajuma Oginga,
Dates associated with a name 1911-
600 10 - SUBJECT ADDED ENTRY--PERSONAL NAME
Personal name Odera, Odinge.
650 #0 - SUBJECT ADDED ENTRY--TOPICAL TERM
Topical term or geographic name as entry element Politicians
Geographic subdivision Kenya
Form subdivision Biography.
650 #0 - SUBJECT ADDED ENTRY--TOPICAL TERM
Topical term or geographic name as entry element Vice-Presidents
Geographic subdivision Kenya
Form subdivision Biography.
700 1# - ADDED ENTRY--PERSONAL NAME
Personal name Nyong'o, Dorothy.
906 ## - LOCAL DATA ELEMENT F, LDF (RLIN)
a 7
b cbc
c origode
d 2
e ncip
f 20
g y-gencatlg
942 ## - ADDED ENTRY ELEMENTS (KOHA)
Source of classification or shelving scheme Dewey Decimal Classification
Koha item type Books
Holdings
Withdrawn status Lost status Source of classification or shelving scheme Damaged status Not for loan Home library Current library Date acquired Total Checkouts Full call number Barcode Date last seen Price effective from Koha item type
    Dewey Decimal Classification     Bunge Tower Library Bunge Tower Library 06/07/2023   923.26762 ODE 10012693 06/07/2023 06/07/2023 Books
LIBRARY OPENING HOURS

When the Parliament is sitting: 8.00a.m - 7.00p.m or until the house adjourns
Mondays and Fridays and when the House is on Recess:  8.00a.m - 5.00p.m
Closed on Weekends and Public Holidays

Online Public Access Catalog (OPAC)
Website: http://www.parliament.go.ke
Bunge Library: https://libraryir.parliament.go.ke
Contact: library@parliament.go.ke | Tel no: (254-2)2221291 or 2848000 Ext 5043